Genersichovské hviezdy zažiarili

Podrobná bibliografia
Hlavný autor: Choma, Milan, 1948-2021 (Autor)
Médium: Článok
Jazyk:slovenčina
Fyzický popis:Fotogr.
Predmet:

MARC

LEADER 00000nab a2200000 ar4500
001 vtls010444459
003 SK-MaSNL
005 20260426082719.0
008 120827c2012 xo mr|p|||||||000 b|slo
038 |a PPPK 
040 |a PPPKCL  |b slo  |c PPPKCL  |e AACR2 
041 0 |a slo 
044 |a xo  |c SK 
080 |a 341.7/.8  |2 2001 
080 |a 005.745  |x (436.1)  |2 2001 
080 |a 929-027.541  |2 2001 
100 1 |a Choma, Milan,  |d 1948-2021  |4 aut  |9 239721 
245 1 0 |a Genersichovské hviezdy zažiarili  |c Milan Choma 
300 |b Fotogr. 
600 1 7 |a Genersich, Ján,  |d 1761-1823  |2 pppkcl  |9 133272 
610 2 7 |a Collegium Hungaricum (Viedeň, Rakúsko)  |2 pppkcl  |9 646549 
610 1 7 |a Maďarsko.  |b Veľvyslanectvo (Rakúsko)  |2 pppkcl  |9 1425749 
648 7 |a 8.-9.5.2012  |2 pppkcl  |9 1425750 
650 0 7 |a zastupiteľské úrady  |2 pppkcl  |9 1253 
650 0 7 |a konferencie  |2 pppkcl  |9 19221 
650 0 7 |a osobnosti  |2 pppkcl  |9 29820 
651 7 |a Viedeň (Rakúsko)  |2 pppkcl  |9 25604 
651 7 |a Kežmarok (Slovensko)  |2 pppkcl  |9 26808 
651 7 |a Spiš (Slovensko : región)  |2 pppkcl  |9 17692 
773 0 |t Kežmarok  |g Roč. XX, č. 10 (2012), s. 9 
852 |a PPPK  |b KIS3GCP 
999 |c 2883549  |d 2885479